000 00471nam a22001817a 4500
005 20250826161837.0
100 _aRaheena, K.t.
245 _aCrispr/cas-mediated Gene Editing In Tree Crops: An Updated Review
260 _bRubber Science, 38(1)
_c2025
300 _a111-148
650 _aCas-clover
650 _aCas9 and Cas12a (Cpf1)
650 _aGene editing
650 _aTree crop improvement
700 _aThomas, K.u.
700 _aRekha, K.
942 _cJS
999 _c75568
_d75568